Kết cấu thép : Tủ sách lớp công thôn K19

Sách trình bày các kiến thức cần thiết để thiết kế kết cấu thép các công trình xây dựng dân dụng và công nghiệp như : nhà công nghiệp, nhà nhịp lớn, nhà cao tầng kết cấu thép bản, tháp trụ, kết cấu thép ứng suất trước....

全面介紹

Đã lưu trong:
書目詳細資料
主要作者: Đoàn, Định Kiến
格式: 圖書
語言:Undetermined
出版: Hà Nội Khoa học Kỹ thuật 1996
主題:
標簽: 添加標簽
沒有標簽, 成為第一個標記此記錄!
Thư viện lưu trữ: Trung tâm Học liệu Trường Đại học Cần Thơ
LEADER 00980nam a2200205Ia 4500
001 CTU_158256
008 210402s9999 xx 000 0 und d
082 |a 691.7 
082 |b K305 
100 |a Đoàn, Định Kiến 
245 0 |a Kết cấu thép : 
245 0 |b Tủ sách lớp công thôn K19 
245 0 |c Chủ biên Đoàn Định Kiến 
260 |a Hà Nội 
260 |b Khoa học Kỹ thuật 
260 |c 1996 
520 |a Sách trình bày các kiến thức cần thiết để thiết kế kết cấu thép các công trình xây dựng dân dụng và công nghiệp như : nhà công nghiệp, nhà nhịp lớn, nhà cao tầng kết cấu thép bản, tháp trụ, kết cấu thép ứng suất trước. 
650 |a Building, iron and steel,Steel, structural,Building materials 
904 |i Minh 
980 |a Trung tâm Học liệu Trường Đại học Cần Thơ